Behavioral medicine in general medical practice /

Bibliographic Details
Other Authors: Boudewyns, Patrick A., 1940-, Keefe, Francis J.
Format: Book
Language:English
Published: Menlo Park, Calif. : Addison-Wesley Pub. Co., [1982]
Series:Addison-Wesley clinical practice series.
Subjects:

MARC

Tag First Indicator Second Indicator Subfields
LEADER 00000cam a22000008a 4500
001 in00000050962
005 20151007080056.0
008 811125s1982 caua b 00100 eng
010 |a  81020644  
020 |a 0201101734 
035 |a (OCoLC)08034299 
035 |9 AAF4222AM 
039 0 |a 2  |b 3  |c 3  |d 3  |e 3 
040 |a DLC  |c DLC  |d TXA  |d UtOrBLW 
049 |a TXAM  |c [1362403] 
050 0 0 |a RC489 B4  |b  P68 
082 0 |a 615.8/51  |2 19 
245 0 0 |a Behavioral medicine in general medical practice /  |c edited by Patrick A. Boudewyns, Francis J. Keefe. 
263 |a 8204 
264 1 |a Menlo Park, Calif. :  |b Addison-Wesley Pub. Co.,  |c [1982] 
264 4 |c ©1982 
300 |a xvi, 302 pages :  |b illustrations ;  |c 24 cm. 
336 |a text  |b txt  |2 rdacontent 
337 |a unmediated  |b n  |2 rdamedia 
338 |a volume  |b nc  |2 rdacarrier 
490 1 |a Addison-Wesley clinical practice series 
504 |a Includes bibliographies and index. 
650 0 |a Behavior therapy. 
650 0 |a Medicine and psychology. 
700 1 |a Boudewyns, Patrick A.,  |d 1940- 
700 1 |a Keefe, Francis J. 
830 0 |a Addison-Wesley clinical practice series. 
999 |a MARS 
999 f f |s ebc2455a-8490-36bd-83e6-95c64340fded  |i a98c5048-24dd-333d-9630-0536d62049dc  |t 0 
952 f f |p ric  |a Texas A&M University  |b Rellis Campus  |c Joint Library Facility  |d Remote Storage  |t 0  |e RC489 B4 P68  |h Library of Congress classification  |i unmediated -- volume  |m A14805934560 
998 f f |a RC489 B4 P68  |t 0  |l Remote Storage